Problemas del nuevo cine / (Record no. 122661)

MARC details
000 -LEADER
campo de control de longitud fija 00826nam a2200241 i 4500
001 - NÚMERO DE CONTROL
campo de control 122661
003 - IDENTIFICADOR DE NÚMERO DE CONTROL
campo de control ES-MaACL
005 - FECHA Y HORA DE LA ÚLTIMA TRANSACCIÓN
campo de control 20250814084554.0
007 - CAMPO FIJO DE DESCRIPCIÓN FÍSICA--INFORMACIÓN GENERAL
campo de control de longitud fija t|
008 - DATOS DE LONGITUD FIJA--INFORMACIÓN GENERAL
campo de control de longitud fija 070214s1971 sp r ||||1| spa d
245 00 - MENCIÓN DEL TÍTULO
Título Problemas del nuevo cine /
Mención de responsabilidad, etc. Pío Baldelli ... [et al.] ; selección y prólogo de Manuel Pérez Estremera ; traductor, Augusto Martínez Torres.
260 ## - PUBLICACIÓN, DISTRIBUCIÓN, ETC.
Lugar de publicación, distribución, etc. Madrid :
Nombre del editor, distribuidor, etc. Alianza,
Fecha de publicación, distribución, etc. 1971.
300 ## - DESCRIPCIÓN FÍSICA
Extensión 229 p. ;
Dimensiones 18 cm.
490 1# - MENCIÓN DE SERIE
Mención de serie El libro de bolsillo.
-- Arte ;
Designación de volumen o secuencia 295
650 07 - PUNTO DE ACCESO ADICIONAL DE MATERIA--TÉRMINO DE MATERIA
Término de materia o nombre geográfico como elemento de entrada Cine
Fuente del encabezamiento o término embne
9 (RLIN) 11010
700 1# - ENTRADA AGREGADA--NOMBRE PERSONAL
Nombre de persona Pérez Estremera, Manuel.
9 (RLIN) 90855
700 1# - ENTRADA AGREGADA--NOMBRE PERSONAL
Nombre de persona Martínez Torres, Augusto.
9 (RLIN) 78449
700 1# - ENTRADA AGREGADA--NOMBRE PERSONAL
Nombre de persona Baldelli, Pío.
9 (RLIN) 24878
830 13 - PUNTO DE ACCESO ADICIONAL DE SERIE-TÍTULO UNIFORME
Título uniforme El libro de bolsillo.
Nombre de parte o sección de la obra Arte
Designación de volumen o secuencia 295
9 (RLIN) 182950
852 ## - LOCALIZACIÓN
Ubicación ES-MaACL
Número de control de estantería C-45991
852 ## - LOCALIZACIÓN
Ubicación ES-MaACL
Número de control de estantería E-7180
Holdings
Estatus retirado Estado de pérdida Estado de daño No para préstamo Biblioteca de origen Biblioteca actual Ubicación en estantería Fecha de adquisición Fuente de adquisición Total de préstamos Signatura topográfica completa Código de barras Visto por última vez Precio de reemplazo Tipo de ítem Koha
        Biblioteca del Ateneo de Madrid Biblioteca del Ateneo de Madrid Depósito 2 17/01/2008     E-7180 1127815 23/02/2023 23/02/2023 Libro impreso
        Biblioteca del Ateneo de Madrid Biblioteca del Ateneo de Madrid Depósito 2 17/01/2008     C-45991 1127814 23/02/2023 23/02/2023 Libro impreso